[Event "37th World U20 ch"]
[Site "Kozhikode IND"]
[Date "1998.11.27"]
[Round "10.17"]
[White "Ippolito, Dean"]
[Black "Kidambi, Sundararajan"]
[Result "1/2-1/2"]
[WhiteElo "2430"]
[BlackElo "2285"]
[EventDate "1998.11.17"]
[PlyCount "150"]

1.d4 Nf6 2.c4 g6 3.Nf3 Bg7 4.g3 d5 5.cxd5 Nxd5 6.Bg2 O-O 7.O-O Nb6 8.Nc3 
Nc6 9.d5 Na5 10.Qc2 Nxd5 11.Rd1 c6 12.Ne1 Bd7 13.Nxd5 cxd5 14.Rxd5 e6 15.
Rd3 Rc8 16.Qd1 Rc7 17.Bf4 e5 18.Rc1 Nc6 19.Bxc6 bxc6 20.Be3 Qc8 21.Bc5 Re8
22.Ng2 Bf5 23.Rd2 Bh6 24.Ne3 Be6 25.Rc3 Bxe3 26.Rxe3 Bd5 27.Bd6 Rd7 28.
Bxe5 Rde7 29.Bd4 Qh3 30.Qf1 Qxf1+ 31.Kxf1 Rxe3 32.Bxe3 Bxa2 33.Bxa7 Bd5 
34.f3 f5 35.Bd4 Kf7 36.Kf2 g5 37.Rc2 Rd8 38.Rc3 Kg6 39.Re3 Kf7 40.Ra3 Re8 
41.Rc3 Rb8 42.Ra3 Rb7 43.Ra4 Kg6 44.Bc3 Re7 45.Rd4 Kf7 46.Bd2 Kg6 47.Bb4 
Re6 48.Bc5 Rf6 49.b4 Bb3 50.Rd7 Re6 51.Bd4 Bc4 52.e3 Re8 53.h4 gxh4 54.
gxh4 h6 55.Kg3 Kh5 56.Rh7 Bg8 57.Rd7 Bc4 58.Bc5 Rg8+ 59.Kf4 Kxh4 60.Rd4 
Be2 61.Rd6 h5 62.Rh6 Rg3 63.Be7+ Kh3 64.Rxh5+ Kg2 65.Rg5 Rxg5 66.Bxg5 Bxf3
67.Kxf5 Kf2 68.Ke5 Kg3 69.Kf5 Bg4+ 70.Ke5 Bf3 71.e4 Kg4 72.Be3 Bg2 73.Kd4 
Bf3 74.Ke5 Bg2 75.Bd2 Bf3 1/2-1/2

[Event "37th World U20 ch"]
[Site "Kozhikode IND"]
[Date "1998.11.27"]
[Round "10.18"]
[White "Herraiz Hidalgo, Herminio"]
[Black "Williams, Simon"]
[Result "1-0"]
[WhiteElo "2405"]
[BlackElo "2335"]
[EventDate "1998.11.17"]
[PlyCount "85"]

1.d4 e6 2.Nf3 f5 3.g3 Nf6 4.Bg2 Be7 5.O-O O-O 6.c4 d6 7.Nc3 a5 8.b3 Ne4 9.
Bb2 Bf6 10.Qc2 Nxc3 11.Bxc3 Nc6 12.d5 Nb4 13.Bxf6 Qxf6 14.Qd2 e5 15.a3 Na6
16.b4 f4 17.gxf4 Qg6 18.f5 Bxf5 19.Kh1 Bg4 20.Rac1 Rf4 21.Ne1 Qh5 22.f3 
Bd7 23.Rf2 axb4 24.axb4 Qh4 25.e4 Nxb4 26.Rb1 Ra2 27.Rb2 Rxb2 28.Qxb2 c5 
29.dxc6 bxc6 30.Bf1 Rf8 31.Ng2 Qh5 32.Qxb4 Rxf3 33.Kg1 Rxf2 34.Kxf2 Qg6 
35.c5 Qf6+ 36.Ke1 d5 37.exd5 cxd5 38.Ne3 d4 39.Bc4+ Be6 40.Bxe6+ Qxe6 41.
Nc4 Kf7 42.c6 d3 43.c7 1-0

[Event "37th World U20 ch"]
[Site "Kozhikode IND"]
[Date "1998.11.27"]
[Round "10.19"]
[White "Khamrakulov, Ibragim"]
[Black "Neelotpal, Das"]
[Result "0-1"]
[WhiteElo "2315"]
[BlackElo "2405"]
[EventDate "1998.11.17"]
[PlyCount "106"]

1.e4 c5 2.Nf3 d6 3.c3 Nf6 4.Be2 g6 5.O-O Bg7 6.Qc2 Qc7 7.a4 Nbd7 8.Na3 a6 
9.h3 O-O 10.Nh2 e5 11.d3 b6 12.f4 Bb7 13.f5 d5 14.Bf3 c4 15.dxc4 dxe4 16.
Be2 Qc5+ 17.Kh1 e3 18.Ng4 Nh5 19.Kh2 Qc6 20.Nxe3 Nf4 21.Bd1 Qd6 22.g3 Nd3 
23.Nd5 e4 24.Be2 Be5 25.Nf4 g5 26.Nh5 Nf6 27.Nxf6+ Qxf6 28.Be3 Rad8 29.
Rad1 Rd7 30.Qb3 Bc6 31.Nc2 g4 32.Bxg4 h5 33.Be2 h4 34.Nd4 Bxg3+ 35.Kh1 Ba8
36.Qc2 Kh7 37.Bg4 Rg8 38.Qe2 Rdd8 39.b3 Bb7 40.Rd2 Rg7 41.Rdd1 Rdg8 42.Bh5
Bc7 43.Bg6+ fxg6 44.fxg6+ Qxg6 45.Rf6 Nf4 46.Rxg6 Rxg6 47.Bxf4 Bxf4 48.
Qh5+ Bh6 49.Kh2 Rg2+ 50.Kh1 R2g5 51.Qf7+ R8g7 52.Qf6 e3+ 53.Nf3 Be4 0-1

[Event "37th World U20 ch"]
[Site "Kozhikode IND"]
[Date "1998.11.27"]
[Round "10.21"]
[White "Houska, Miroslav"]
[Black "Beenish, Bhatia"]
[Result "1-0"]
[WhiteElo "2375"]
[BlackElo "2190"]
[EventDate "1998.11.17"]
[PlyCount "62"]

1.d4 d5 2.c4 c6 3.Nc3 Nf6 4.Nf3 e6 5.Bg5 dxc4 6.e4 b5 7.e5 h6 8.Bh4 g5 9.
Nxg5 hxg5 10.Bxg5 Nbd7 11.exf6 Bb7 12.g3 c5 13.d5 Qb6 14.Bg2 O-O-O 15.O-O 
b4 16.Na4 Qb5 17.a3 exd5 18.axb4 cxb4 19.Be3 Nc5 20.Bxc5 Bxc5 21.Nxc5 Qxc5
22.Re1 Rhe8 23.Qh5 Rxe1+ 24.Rxe1 c3 25.bxc3 Qxc3 26.Qg4+ Kb8 27.Qf4+ Ka8 
28.Rc1 Qb2 29.h4 b3 30.Re1 Rc8 31.h5 Qc3 1-0

[Event "37th World U20 ch"]
[Site "Kozhikode IND"]
[Date "1998.11.27"]
[Round "10.22"]
[White "Ramu, K."]
[Black "Goldenberg, Danny"]
[Result "1/2-1/2"]
[WhiteElo "2125"]
[BlackElo "2325"]
[EventDate "1998.11.17"]
[PlyCount "122"]

1.e4 c5 2.Nf3 Nc6 3.d4 cxd4 4.Nxd4 e5 5.Nb5 d6 6.c4 Be7 7.N1c3 a6 8.Na3 
Be6 9.Be2 h6 10.Be3 Bg5 11.Nc2 Nf6 12.Qd2 Bxe3 13.Nxe3 O-O 14.O-O Rc8 15.
Rfd1 Nd4 16.Bd3 Nh5 17.Ne2 Nc6 18.Nc2 Ne7 19.b3 Kh8 20.Ne3 Ng6 21.g3 Qg5 
22.Ng2 Qg4 23.Ne3 Qf3 24.Nc3 Nhf4 25.gxf4 Nxf4 26.Bf1 f5 27.Bg2 Qh5 28.Nf1
Nxg2 29.Kxg2 Qg4+ 30.Kh1 Qf3+ 31.Kg1 Qg4+ 32.Kh1 f4 33.Qd3 f3 34.Ne3 Qh5 
35.Ncd5 Bh3 36.Rg1 Rce8 37.b4 Re6 38.Nf5 Bg2+ 39.Rxg2 fxg2+ 40.Kxg2 Qf7 
41.Qe3 Rg6+ 42.Kh1 Rg5 43.Rg1 Rxg1+ 44.Kxg1 Qg6+ 45.Qg3 Qxg3+ 46.hxg3 Rd8 
47.a4 Kh7 48.f4 g6 49.Nfe7 exf4 50.gxf4 Kg7 51.e5 dxe5 52.fxe5 Kf7 53.b5 
axb5 54.axb5 Re8 55.c5 Rb8 56.b6 Ke6 57.c6 bxc6 58.Nxc6 Rb7 59.Na5 Rd7 60.
Kg2 h5 61.Kf3 h4 1/2-1/2

[Event "37th World U20 ch"]
[Site "Kozhikode IND"]
[Date "1998.11.27"]
[Round "10.23"]
[White "Hansen, Torbjorn Ringdal"]
[Black "Panchanathan, Magesh Chandran"]
[Result "1/2-1/2"]
[WhiteElo "2060"]
[BlackElo "2280"]
[EventDate "1998.11.17"]
[PlyCount "70"]

1.c4 d6 2.Nc3 e5 3.Nf3 Be7 4.d4 Nd7 5.g3 Ngf6 6.Bg2 O-O 7.O-O c6 8.Qc2 a6 
9.Rd1 Qc7 10.h3 b5 11.c5 dxc5 12.dxe5 Nxe5 13.Nxe5 Qxe5 14.Bxc6 Bxh3 15.
Bxa8 Rxa8 16.Bf4 Qh5 17.Qd3 Re8 18.Nd5 Nxd5 19.Qxd5 Qg6 20.Bd6 Bf6 21.Bxc5
h5 22.Bd4 Bxd4 23.Qxd4 Rxe2 24.Rac1 Qf5 25.Rc5 Qf3 26.Qd8+ Kh7 27.Qd3+ 
Qxd3 28.Rxd3 g6 29.Ra3 Rxb2 30.Rxa6 Be6 31.a3 Kg7 32.Rb6 Rb3 33.Rbxb5 Rxa3
34.Kg2 Ra4 35.Ra5 Rh4 1/2-1/2

[Event "37th World U20 ch"]
[Site "Kozhikode IND"]
[Date "1998.11.27"]
[Round "10.27"]
[White "Bakre, Tejas"]
[Black "Leskiewicz, Maksymilian"]
[Result "1-0"]
[WhiteElo "2290"]
[BlackElo "2210"]
[EventDate "1998.11.17"]
[PlyCount "97"]

1.e4 c5 2.Nf3 d6 3.d4 cxd4 4.Nxd4 Nf6 5.Nc3 a6 6.Be3 e5 7.Nf3 Qc7 8.a4 Be7
9.a5 O-O 10.Be2 Nbd7 11.Nd2 b5 12.axb6 Nxb6 13.Bxb6 Qxb6 14.Nc4 Qc5 15.Qd3
a5 16.Nd5 Nxd5 17.Qxd5 Qxd5 18.exd5 Bf5 19.c3 Rfb8 20.O-O a4 21.Ne3 Bd7 
22.Ra2 f5 23.Rfa1 Rc8 24.Bd1 f4 25.Nc2 e4 26.Nd4 Rc5 27.Bc2 e3 28.fxe3 
fxe3 29.Bxa4 Rxa4 30.Rxa4 Bxa4 31.Rxa4 Rxd5 32.Kf1 Rh5 33.Nf3 Rb5 34.Ra2 
g5 35.h3 h5 36.g4 hxg4 37.hxg4 Bf6 38.Ke2 Rc5 39.Ra4 Rb5 40.Rb4 Rxb4 41.
cxb4 Bxb2 42.b5 Bf6 43.b6 Bd8 44.b7 Bc7 45.Kxe3 Kf7 46.Ke4 Kf6 47.Kd5 Bb8 
48.Nd4 Kf7 49.Nc6 1-0

[Event "37th World U20 ch"]
[Site "Kozhikode IND"]
[Date "1998.11.27"]
[Round "10.28"]
[White "Saurabh, Kherdekar"]
[Black "Uberoi, Arjun"]
[Result "1-0"]
[WhiteElo "2265"]
[BlackElo "2070"]
[EventDate "1998.11.17"]
[PlyCount "75"]

1.c4 Nf6 2.Nc3 b6 3.d4 Bb7 4.Qc2 e6 5.e4 c5 6.d5 e5 7.Nf3 d6 8.Be2 Be7 9.
O-O O-O 10.Ne1 Nfd7 11.g3 Re8 12.Be3 Bf8 13.f4 a5 14.Nd3 Ba6 15.b3 exf4 
16.gxf4 g6 17.Rae1 Bg7 18.Bf3 Nf8 19.Bf2 Nbd7 20.Re2 Qf6 21.Nd1 b5 22.Ne3 
bxc4 23.Nxc4 Bxc4 24.bxc4 Qc3 25.Qxc3 Bxc3 26.Rc2 Bg7 27.Rb1 Rab8 28.Rxb8 
Rxb8 29.e5 dxe5 30.fxe5 Bxe5 31.Nxc5 Nxc5 32.Bxc5 Nd7 33.Bf2 Rc8 34.c5 Bd6
35.c6 Ne5 36.Be2 Bc7 37.Bc5 Rd8 38.d6 1-0

[Event "37th World U20 ch"]
[Site "Kozhikode IND"]
[Date "1998.11.27"]
[Round "10.29"]
[White "Radovanovic, Dusan"]
[Black "Stinis, Steven"]
[Result "1-0"]
[WhiteElo "2225"]
[BlackElo "2005"]
[EventDate "1998.11.17"]
[PlyCount "81"]

1.e4 Nf6 2.e5 Nd5 3.d4 d6 4.Nf3 Bg4 5.Be2 c6 6.h3 Bxf3 7.Bxf3 g6 8.c4 Nc7 
9.Qb3 b6 10.O-O Bg7 11.Re1 O-O 12.Bd2 dxe5 13.dxe5 Ne6 14.Bc3 Qc7 15.Qa3 
Nc5 16.Re3 Bh6 17.Re2 Nbd7 18.Nd2 Rad8 19.Ne4 Nxe4 20.Rxe4 Nc5 21.Re2 Rd3 
22.b4 Ne6 23.Be4 Rd7 24.g3 Rfd8 25.Qa4 c5 26.Bd5 cxb4 27.Bxb4 Nd4 28.Re4 
e6 29.Bd6 Rxd6 30.exd6 Qxd6 31.Bb7 f5 32.Rxd4 Qxd4 33.Re1 f4 34.g4 e5 35.
Bf3 Qc3 36.Rd1 Rxd1+ 37.Qxd1 Qd4 38.Bd5+ Kh8 39.Qa4 Bf8 40.Qe8 Qd1+ 41.Kh2
1-0

[Event "37th World U20 ch"]
[Site "Kozhikode IND"]
[Date "1998.11.27"]
[Round "10.30"]
[White "Alvarez Marquez, Johan Carlos"]
[Black "Medak, Bojan"]
[Result "1/2-1/2"]
[WhiteElo "2200"]
[BlackElo "2220"]
[EventDate "1998.11.17"]
[PlyCount "30"]

1.d4 d6 2.Nf3 Bg4 3.c4 Bxf3 4.exf3 Nd7 5.Be2 g6 6.O-O Bg7 7.Nc3 Nh6 8.Bd3 
O-O 9.Bg5 f6 10.Be3 e6 11.d5 e5 12.Qd2 Nf7 13.f4 f5 14.fxe5 dxe5 15.Be2 a6
1/2-1/2

[Event "37th World U20 ch"]
[Site "Kozhikode IND"]
[Date "1998.11.27"]
[Round "10.31"]
[White "Dovramadiev, Tikhomir"]
[Black "De Silva, Nirosh"]
[Result "1-0"]
[WhiteElo "2210"]
[BlackElo "2025"]
[EventDate "1998.11.17"]
[PlyCount "50"]

1.e4 c5 2.Nc3 d6 3.g3 g6 4.Bg2 Bg7 5.d3 Nc6 6.f4 e6 7.Nf3 Nge7 8.O-O O-O 
9.Be3 Qa5 10.Bd2 Rb8 11.Ne2 Qc7 12.c3 b5 13.a3 b4 14.axb4 cxb4 15.Rf2 Qb6 
16.d4 bxc3 17.bxc3 d5 18.e5 Ba6 19.g4 Bc4 20.Nc1 Rfc8 21.Qe1 a5 22.Bf1 Nb4
23.f5 Nec6 24.fxg6 hxg6 25.Kg2 Rc7 1-0

[Event "37th World U20 ch"]
[Site "Kozhikode IND"]
[Date "1998.11.27"]
[Round "10.32"]
[White "Chokshi, Manthan"]
[Black "Hossain, Enamul"]
[Result "0-1"]
[WhiteElo "2220"]
[BlackElo "2335"]
[EventDate "1998.11.17"]
[PlyCount "99"]

1.e4 e6 2.d4 d5 3.e5 c5 4.c3 Nc6 5.Nf3 Bd7 6.Bd3 cxd4 7.cxd4 Qb6 8.O-O 
Nxd4 9.Nxd4 Qxd4 10.Qe2 Ne7 11.Nc3 a6 12.Kh1 Qb6 13.f4 g6 14.Be3 Qd8 15.
Bc5 h5 16.Rfe1 Nf5 17.Bxf8 Kxf8 18.Qf2 Rc8 19.Qa7 Bc6 20.Ne2 Ra8 21.Qf2 
Bb5 22.Bxf5 gxf5 23.Rac1 h4 24.h3 Rg8 25.Red1 Bxe2 26.Qxe2 Rg3 27.Qh5 Kg7 
28.Rd2 Qe7 29.a3 Rh8 30.Qe2 Qd7 31.Rd4 Rc8 32.Rdd1 Rxc1 33.Rxc1 Qa4 34.Qd2
Qe4 35.Rc3 Rg6 36.Rf3 d4 37.Kh2 a5 38.Qf2 b6 39.b4 d3 40.Qd2 Kf8 41.Rxd3 
b5 42.Qf2 Rh6 43.Qd2 axb4 44.axb4 Rh8 45.Rd6 Kg7 46.Qf2 Rg8 47.Rd2 Rc8 48.
Rd6 Rc4 49.Qd2 Rc2 50.Qd4 0-1

[Event "37th World U20 ch"]
[Site "Kozhikode IND"]
[Date "1998.11.28"]
[Round "11.1"]
[White "Blehm, Pawel"]
[Black "Sadvakasov, Darmen"]
[Result "1/2-1/2"]
[WhiteElo "2420"]
[BlackElo "2440"]
[EventDate "1998.11.17"]
[PlyCount "106"]

1.e4 c5 2.Nf3 d6 3.d4 cxd4 4.Nxd4 Nf6 5.Nc3 a6 6.Be3 e5 7.Nb3 Be6 8.f3 
Nbd7 9.Qd2 b5 10.a4 b4 11.Nd5 Bxd5 12.exd5 Nb6 13.Bxb6 Qxb6 14.a5 Qb7 15.
Bc4 Be7 16.Ra4 Rb8 17.Nc1 Bd8 18.b3 O-O 19.Na2 e4 20.Kd1 Re8 21.Rxb4 Qa7 
22.Rxb8 Qxb8 23.Re1 Re5 24.f4 Rh5 25.h3 Qc7 26.Nc3 Qxa5 27.Nxe4 Qxd2+ 28.
Kxd2 Nxe4+ 29.Rxe4 Kf8 30.Ke2 g6 31.Kf3 a5 32.Bb5 Kg7 33.Bc6 g5 34.Re8 Bf6
35.Ra8 Bc3 36.Rd8 Bb4 37.Kg4 Kh6 38.c3 Rh4+ 39.Kg3 Bxc3 40.Rxd6+ f6 41.
fxg5+ Kxg5 42.Rd8 Rd4 43.Kf3 Bb4 44.Bb5 Kf5 45.Rh8 Rxd5 46.Rxh7 Kg6 47.Rb7
Rf5+ 48.Ke4 Re5+ 49.Kd4 Bc5+ 50.Kc3 Bb4+ 51.Kd4 Bc5+ 52.Kc4 Bb4 53.Rb8 Re3
1/2-1/2

[Event "37th World U20 ch"]
[Site "Kozhikode IND"]
[Date "1998.11.28"]
[Round "11.2"]
[White "Banikas, Hristos"]
[Black "Dao Thien Hai"]
[Result "0-1"]
[WhiteElo "2490"]
[BlackElo "2580"]
[EventDate "1998.11.17"]
[PlyCount "80"]

1.d4 f5 2.g3 Nf6 3.Bg2 g6 4.Nf3 Bg7 5.O-O O-O 6.c4 d6 7.Nc3 Qe8 8.d5 Na6 
9.Nd4 Nc5 10.b4 Nfe4 11.Nxe4 Nxe4 12.Bb2 c5 13.dxc6 bxc6 14.f3 Nf6 15.a4 
Bd7 16.b5 Nh5 17.bxc6 Bxc6 18.c5 f4 19.g4 Rb8 20.Ba3 Bxa4 21.Qd3 e5 22.
cxd6 Nf6 23.Bc5 Bd7 24.Nc2 Rc8 25.Bxa7 g5 26.Ra5 Qe6 27.e3 Rc6 28.exf4 
gxf4 29.Re1 e4 30.fxe4 Nxg4 31.e5 f3 32.Bxf3 Rxf3 33.Qxf3 Rxc2 34.Bc5 h5 
35.Ra8+ Kh7 36.Qe4+ Qg6 37.e6 Bc6 38.Rd1 Rg2+ 39.Kf1 Nxh2+ 40.Ke1 Bc3+ 0-1

[Event "37th World U20 ch"]
[Site "Kozhikode IND"]
[Date "1998.11.28"]
[Round "11.3"]
[White "Zhang Zhong"]
[Black "Fedorchuk, Sergei"]
[Result "0-1"]
[WhiteElo "2510"]
[BlackElo "2415"]
[EventDate "1998.11.17"]
[PlyCount "60"]

1.e4 e5 2.Nf3 Nc6 3.Bb5 a6 4.Ba4 Nf6 5.O-O b5 6.Bb3 Bc5 7.a4 Rb8 8.d3 d6 
9.axb5 axb5 10.Be3 O-O 11.Nbd2 Nd7 12.c3 Bb6 13.d4 Na5 14.Ba2 c5 15.Bd5 
Qc7 16.b4 cxb4 17.cxb4 Nc4 18.Nxc4 bxc4 19.Rc1 c3 20.Qb3 Ba6 21.Rfe1 Rbc8 
22.b5 Bb7 23.Bxb7 Qxb7 24.Rxc3 Qxe4 25.Rxc8 Rxc8 26.Qxf7+ Kxf7 27.Ng5+ Kg6
28.Nxe4 exd4 29.Bf4 Rc2 30.Rd1 Kf5 0-1

[Event "37th World U20 ch"]
[Site "Kozhikode IND"]
[Date "1998.11.28"]
[Round "11.4"]
[White "Halkias, Stelios"]
[Black "Jenni, Florian"]
[Result "0-1"]
[WhiteElo "2435"]
[BlackElo "2430"]
[EventDate "1998.11.17"]
[PlyCount "75"]

1.d4 Nf6 2.c4 g6 3.Nc3 Bg7 4.e4 d6 5.Nf3 O-O 6.Be2 e5 7.Be3 exd4 8.Nxd4 
Re8 9.f3 c6 10.Qd2 d5 11.exd5 cxd5 12.O-O Nc6 13.Rad1 Nxd4 14.Bxd4 dxc4 
15.Bxc4 Be6 16.Bb5 Rf8 17.Qf2 a6 18.Be2 Qc7 19.f4 Rac8 20.f5 gxf5 21.Qh4 
Ne8 22.Bxg7 Nxg7 23.Rf3 Rfd8 24.Rfd3 Rxd3 25.Rxd3 Qb6+ 26.Kh1 Qxb2 27.Qf6 
Qc1+ 28.Nd1 Ne8 29.Qe7 Qa1 30.h4 Nf6 31.h5 h6 32.Qxb7 Ne4 33.Kg1 Qe5 34.
Re3 Qd4 35.Kf1 Rc1 36.Qb8+ Kh7 37.Rxe4 Qxe4 38.Qb2 0-1

[Event "37th World U20 ch"]
[Site "Kozhikode IND"]
[Date "1998.11.28"]
[Round "11.5"]
[White "Kobalia, Mikhail"]
[Black "Fressinet, Laurent"]
[Result "1-0"]
[WhiteElo "2505"]
[BlackElo "2455"]
[EventDate "1998.11.17"]
[PlyCount "65"]

1.e4 c6 2.d4 d5 3.exd5 cxd5 4.c4 Nf6 5.Nc3 Nc6 6.Bg5 e6 7.Nf3 Be7 8.c5 O-O
9.Bb5 Ne4 10.Bxe7 Qxe7 11.O-O Nxc3 12.bxc3 Na5 13.Bd3 h6 14.Rb1 Qc7 15.Bc2
b6 16.Qd3 g6 17.Qe3 Kg7 18.Ne5 bxc5 19.Rb5 Ba6 20.Rxc5 Qd8 21.Ng4 Rh8 22.
Qe5+ Kg8 23.Bxg6 Rc8 24.Rxc8 Qxc8 25.Nf6+ Kf8 26.Nxd5 Rg8 27.Qd6+ Kg7 28.
Qe5+ Kf8 29.Qd6+ Kg7 30.Ne7 Qc4 31.Re1 Re8 32.Qe5+ Kf8 33.Qf6 1-0

[Event "37th World U20 ch"]
[Site "Kozhikode IND"]
[Date "1998.11.28"]
[Round "11.6"]
[White "Mirzoev, Azer"]
[Black "Salmensuu, Olli"]
[Result "0-1"]
[WhiteElo "2445"]
[BlackElo "2420"]
[EventDate "1998.11.17"]
[PlyCount "54"]

1.d4 Nf6 2.Nf3 c5 3.c4 cxd4 4.Nxd4 e5 5.Nb5 d5 6.cxd5 Bc5 7.e3 O-O 8.N5c3 
e4 9.a3 a5 10.Be2 Qe7 11.Nd2 Rd8 12.Qc2 Bf5 13.g4 Bg6 14.h4 h6 15.g5 hxg5 
16.hxg5 Nxd5 17.Ncxe4 Na6 18.Bxa6 Bxe3 19.fxe3 Rxa6 20.Kf2 Re6 21.Rh4 f5 
22.Nc3 f4 23.Nde4 Nxc3 24.Qxc3 Rxe4 25.Rxf4 Qe5 26.b4 Kh7 27.Ra2 Rd1 0-1

[Event "37th World U20 ch"]
[Site "Kozhikode IND"]
[Date "1998.11.28"]
[Round "11.7"]
[White "Dervishi, Erald"]
[Black "Sasikiran, Krishnan"]
[Result "0-1"]
[WhiteElo "2430"]
[BlackElo "2470"]
[EventDate "1998.11.17"]
[PlyCount "108"]

1.e4 e5 2.Nf3 Nc6 3.Bb5 a6 4.Ba4 Nf6 5.O-O Nxe4 6.d4 b5 7.Bb3 d5 8.dxe5 
Be6 9.Nbd2 Nc5 10.c3 Be7 11.Bc2 Bg4 12.Re1 Qd7 13.Nf1 Rd8 14.h3 Bh5 15.Ng3
Bg6 16.Nd4 Nxd4 17.cxd4 Ne6 18.Nf5 c5 19.Be3 cxd4 20.Bxd4 O-O 21.Bb6 Rde8 
22.Nxe7+ Rxe7 23.Bb3 Rb8 24.Ba5 b4 25.Rc1 d4 26.Rc4 d3 27.Bxb4 Ree8 28.Bd6
Rb5 29.Ba4 Qb7 30.Bxb5 axb5 31.Rb4 Qc6 32.Qc1 Qd5 33.Rd1 h6 34.Qc3 Bf5 35.
Qb3 Qa8 36.a3 Be4 37.Rxd3 Bxg2 38.Rg3 Bd5 39.Qe3 Ng5 40.Rxb5 Nf3+ 41.Rxf3 
Bxf3 42.Rb3 Bd5 43.Rc3 Re6 44.Qf4 Qa6 45.Qd2 Rg6+ 46.Rg3 Rxg3+ 47.fxg3 Qc4
48.Kf2 Qe4 49.Qc3 Qg2+ 50.Ke3 Qe4+ 51.Kd2 Qg2+ 52.Kc1 Qf1+ 53.Kc2 Qe2+ 54.
Qd2 Bb3+ 0-1

[Event "37th World U20 ch"]
[Site "Kozhikode IND"]
[Date "1998.11.28"]
[Round "11.8"]
[White "Harikrishna, Pentala"]
[Black "Florean, Andrei"]
[Result "0-1"]
[WhiteElo "2200"]
[BlackElo "2450"]
[EventDate "1998.11.17"]
[PlyCount "126"]

1.c4 g6 2.Nc3 Bg7 3.g3 e5 4.Bg2 Nc6 5.e4 d6 6.d3 Be6 7.f4 exf4 8.Bxf4 h6 
9.Nf3 g5 10.Be3 Qd7 11.O-O Nge7 12.Qd2 f5 13.Rae1 fxe4 14.Nxe4 Bh3 15.d4 
Bxg2 16.Kxg2 O-O-O 17.d5 Ne5 18.Nxe5 Bxe5 19.Nf6 Qa4 20.b3 Qa3 21.Bd4 Ng6 
22.Ng4 Bxd4 23.Qxd4 h5 24.Nf2 Ne5 25.Nd3 Nxd3 26.Qxd3 Qxa2+ 27.Rf2 Qa5 28.
Qf5+ Kb8 29.Re7 h4 30.Qxg5 h3+ 31.Kf1 a6 32.Qd2 Qa3 33.Qb2 Qc5 34.Qc3 Rhf8
35.Qe3 Qa3 36.Ref7 Rxf7 37.Rxf7 Qa1+ 38.Qe1 Qb2 39.Qe7 Rc8 40.Qe2 Qxb3 41.
Kf2 Qa4 42.g4 Re8 43.Re7 Rxe7 44.Qxe7 Qc2+ 45.Kg3 Qd3+ 46.Kh4 Qxc4 47.Kxh3
a5 48.g5 a4 49.Qe8+ Ka7 50.Qe3+ Qc5 51.Qe4 Qc3+ 52.Kg4 b5 53.g6 a3 54.Qb1 
Qc4+ 55.Kh5 Qxd5+ 56.Kh6 Qd2+ 57.Kh7 Qxh2+ 58.Kg8 Qb2 59.Qg1+ Kb7 60.g7 a2
61.Kf8 a1=Q 62.Qxa1 Qxa1 63.g8=Q Qa8+ 0-1

[Event "37th World U20 ch"]
[Site "Kozhikode IND"]
[Date "1998.11.28"]
[Round "11.10"]
[White "Janssen, Ruud"]
[Black "Abbasov, Farid"]
[Result "1-0"]
[WhiteElo "2345"]
[BlackElo "2290"]
[EventDate "1998.11.17"]
[PlyCount "69"]

1.Nf3 d5 2.c4 e6 3.g3 c5 4.Bg2 Nc6 5.cxd5 exd5 6.d4 Nf6 7.O-O Be7 8.Nc3 
O-O 9.Bg5 cxd4 10.Nxd4 h6 11.Be3 Re8 12.Rc1 Bg4 13.h3 Be6 14.Na4 Qd7 15.
Kh2 Ne5 16.b3 Bd6 17.Nc5 Qe7 18.Nd3 Ng6 19.Nb5 Bb8 20.Nf4 Nxf4 21.Bxf4 
Bxf4 22.gxf4 Rac8 23.e3 Qb4 24.Qd3 Red8 25.Rg1 a6 26.Nd4 Bd7 27.Bf3 Kf8 
28.Rcd1 Qc3 29.Qf1 Bc6 30.Rc1 Qa5 31.Nf5 Ne8 32.Qg2 d4 33.Bxc6 Rxc6 34.
Rxc6 bxc6 35.exd4 1-0

[Event "37th World U20 ch"]
[Site "Kozhikode IND"]
[Date "1998.11.28"]
[Round "11.11"]
[White "Socko, Bartosz"]
[Black "Laxman, Rajaram"]
[Result "1-0"]
[WhiteElo "2475"]
[BlackElo "2225"]
[EventDate "1998.11.17"]
[PlyCount "87"]

1.g3 d5 2.Bg2 Nf6 3.Nf3 c6 4.d4 Bf5 5.O-O e6 6.c4 Nbd7 7.Nc3 h6 8.Nd2 Qb6 
9.e4 Bg4 10.Qb3 Qxb3 11.axb3 dxe4 12.Ndxe4 Nxe4 13.Nxe4 Be2 14.Re1 Bd3 15.
d5 cxd5 16.cxd5 e5 17.d6 a6 18.Be3 Bb5 19.f4 f6 20.Nc5 Bc6 21.Bxc6 bxc6 
22.Nxa6 Kf7 23.Nc5 Rxa1 24.Rxa1 exf4 25.gxf4 Nb6 26.Ra7+ Kg6 27.Ne6 Nd5 
28.Bc5 Kf5 29.Nd4+ Ke4 30.Nxc6 Nxf4 31.b4 Ne6 32.Ra8 g5 33.Re8 Kd5 34.Ne7+
Bxe7 35.Rxh8 Bd8 36.Kf1 f5 37.Rxh6 g4 38.d7 f4 39.Rg6 Ng5 40.Bb6 Ne6 41.
Bxd8 Nxd8 42.Rg8 g3 43.hxg3 fxg3 44.Rxd8 1-0

[Event "37th World U20 ch"]
[Site "Kozhikode IND"]
[Date "1998.11.28"]
[Round "11.12"]
[White "Satyapragyan, Swayangsu"]
[Black "Nataf, Igor-Alexandre"]
[Result "0-1"]
[WhiteElo "2210"]
[BlackElo "2485"]
[EventDate "1998.11.17"]
[PlyCount "87"]

1.e4 c5 2.Nf3 Nc6 3.d4 cxd4 4.Nxd4 e5 5.Nb5 d6 6.c4 Be7 7.N1c3 a6 8.Na3 f5
9.exf5 Bxf5 10.Bd3 Be6 11.O-O Nf6 12.Bg5 O-O 13.Nc2 Ng4 14.Bxe7 Qxe7 15.f3
Nh6 16.Kh1 Rad8 17.Qe2 Nf5 18.Bxf5 Rxf5 19.Ne3 Rf7 20.Ned5 Qh4 21.Rad1 Nd4
22.Qe1 Qxe1 23.Rfxe1 Rc8 24.f4 Rxc4 25.fxe5 Nc2 26.Rf1 dxe5 27.Ne3 Rxf1+ 
28.Nxf1 Rd4 29.Rd2 Ne3 30.Rxd4 exd4 31.Nxe3 dxc3 32.bxc3 Bxa2 33.Nc2 Kf7 
34.Kg1 Ke6 35.Kf2 Bb1 36.Na3 Be4 37.g3 Kd5 38.Ke3 b5 39.h4 h5 40.Kf4 Bd3 
41.Ke3 Bf5 42.Kf4 g6 43.Ke3 Kc5 44.Kf3 0-1

[Event "37th World U20 ch"]
[Site "Kozhikode IND"]
[Date "1998.11.28"]
[Round "11.13"]
[White "Soln, Primoz"]
[Black "Turzo, Attila"]
[Result "1-0"]
[WhiteElo "2470"]
[BlackElo "2345"]
[EventDate "1998.11.17"]
[PlyCount "83"]

1.d4 d5 2.c4 c6 3.Nc3 Nf6 4.Nf3 e6 5.Bg5 dxc4 6.e4 b5 7.a4 Bb7 8.axb5 cxb5
9.Nxb5 Bxe4 10.Nc3 Bb7 11.Bxc4 Be7 12.Bb5+ Kf8 13.O-O h6 14.Be3 g6 15.Ne5 
Kg7 16.Qb3 Qb6 17.d5 Qc7 18.Bd4 Rd8 19.Rac1 Qd6 20.Nc4 Bxd5 21.Nxd6 Bxb3 
22.Ne8+ Kf8 23.Bxf6 a6 24.Ra1 Ra7 25.Bg7+ Kg8 26.Be5 Rb7 27.Nf6+ Kg7 28.
Nd7+ f6 29.Nxb8 axb5 30.Nc6 fxe5 31.Nxd8 Bxd8 32.Ne4 Bb6 33.Rac1 Ra7 34.
Nd6 Ra2 35.Rc6 Ra6 36.Ne8+ Kg8 37.Rc8 Kh7 38.Rb8 Bc4 39.Rb7+ Kg8 40.Nf6+ 
Kf8 41.Nd7+ Ke8 42.Rxb6 1-0

[Event "37th World U20 ch"]
[Site "Kozhikode IND"]
[Date "1998.11.28"]
[Round "11.14"]
[White "Neelotpal, Das"]
[Black "Herraiz Hidalgo, Herminio"]
[Result "1-0"]
[WhiteElo "2405"]
[BlackElo "2405"]
[EventDate "1998.11.17"]
[PlyCount "71"]

1.e4 e6 2.d3 d5 3.Nd2 Nf6 4.Ngf3 Nc6 5.g3 e5 6.Bg2 dxe4 7.dxe4 Bc5 8.O-O 
O-O 9.c3 a5 10.h3 b6 11.b3 Ba6 12.Re1 Bd3 13.Nh4 b5 14.Bb2 a4 15.b4 a3 16.
Bc1 Bxb4 17.cxb4 Nxb4 18.Nb3 Nc2 19.Bg5 Nxe1 20.Qxe1 h6 21.Bd2 Re8 22.Bb4 
Nd7 23.Qe3 Bc2 24.Rc1 Ra4 25.Be1 Bxb3 26.Qxb3 Qb8 27.Nf5 Rc4 28.Rb1 Nc5 
29.Qxa3 Nxe4 30.Qb2 c6 31.Bb4 c5 32.Be1 Ra4 33.Qc2 Nd6 34.Qxa4 Nxf5 35.
Rxb5 Qc8 36.Rxc5 1-0

[Event "37th World U20 ch"]
[Site "Kozhikode IND"]
[Date "1998.11.28"]
[Round "11.16"]
[White "Karatekin, Tamer"]
[Black "Ippolito, Dean"]
[Result "1-0"]
[WhiteElo "2325"]
[BlackElo "2430"]
[EventDate "1998.11.17"]
[PlyCount "103"]

1.e4 e5 2.Nf3 Nc6 3.Nc3 Nf6 4.Bb5 Nd4 5.Ba4 c6 6.O-O Qa5 7.Re1 Bb4 8.Bb3 
Nxb3 9.cxb3 Be7 10.d4 d6 11.h3 O-O 12.Bd2 Qc7 13.Rc1 Be6 14.d5 Bd7 15.dxc6
Bxc6 16.Bg5 Qd8 17.Qd3 Nh5 18.Bxe7 Qxe7 19.Nd5 Bxd5 20.exd5 Nf4 21.Qf5 
Rae8 22.Rcd1 g6 23.Qg5 f6 24.Qh6 Qf7 25.g3 Nh5 26.Re4 Rc8 27.Rc4 b5 28.Rc6
Qd7 29.Rdc1 Qxh3 30.Rc7 Rxc7 31.Rxc7 Rf7 32.Rxf7 Kxf7 33.Qxh7+ Kf8 34.Qxg6
Nf4 35.gxf4 Qxf3 36.Qxf6+ Kg8 37.Qg6+ Kh8 38.Qh6+ Kg8 39.Qe6+ Kh7 40.fxe5 
dxe5 41.Qe7+ Kg6 42.Qxe5 Kf7 43.Qe6+ Kf8 44.d6 Qf4 45.d7 Qc1+ 46.Kg2 Qg5+ 
47.Kh3 Qh5+ 48.Kg3 Qg5+ 49.Qg4 Qd8 50.Qf5+ Kg7 51.Kg4 Kh6 52.Qh5+ 1-0

[Event "37th World U20 ch"]
[Site "Kozhikode IND"]
[Date "1998.11.28"]
[Round "11.17"]
[White "Al-Rakib, Abdullah"]
[Black "Houska, Miroslav"]
[Result "1-0"]
[WhiteElo "2350"]
[BlackElo "2375"]
[EventDate "1998.11.17"]
[PlyCount "76"]

1.d4 d6 2.Bg5 h6 3.Bh4 g5 4.Bg3 f5 5.e3 Nf6 6.Nd2 Bg7 7.h4 g4 8.h5 Nc6 9.
c3 e5 10.dxe5 dxe5 11.Qc2 O-O 12.Bd3 Ne8 13.O-O-O Nd6 14.f3 Qe8 15.fxg4 
fxg4 16.Ne2 Ne7 17.e4 Be6 18.Kb1 c5 19.Nc1 Qc6 20.Ka1 a5 21.Be2 Rad8 22.
Rh4 Qc8 23.Nd3 Nf7 24.Nf2 Bf6 25.Rhh1 Kh7 26.Nc4 b5 27.Ne3 b4 28.Nfxg4 Bg7
29.Rxd8 Qxd8 30.Nf5 b3 31.axb3 Qc7 32.Bc4 Bxc4 33.bxc4 Nc6 34.Rd1 a4 35.
Qxa4 Qb7 36.Kb1 Na5 37.Rd7 Qxe4+ 38.Qc2 Qxc2+ 1-0